[Event "Challenge"]
[Site "http://www.queenalice.com/game.php?id=1066091"]
[Date "2012.5.30"]
[Round "-"]
[White "Wehrwd"]
[Black "tomno814"]
[Result "0-1"]
[WhiteElo "1651"]
[BlackElo "1500"]

1. e4 c5 2. Nf3 e6 3. d4 cxd4 4. Nxd4 a6 5. Nc3 Qc7 6. g3 Nf6 7. Bg2 Nc6 8. Bf4
e5 9. Nd5 Nxd5 10. exd5 Nxd4 11. c3 exf4 12. Qxd4 fxg3 13. fxg3 Qc5 14. O-O-O
Qxd4 15. Rxd4 Bc5 16. Re1+ Kd8 17. Rde4 d6 18. Re7 Rf8 19. b4 Bg1 20. c4 Bxh2
21. g4 Bg3 22. R1e2 Bxg4 23. R2e4 Bf5 24. Re2 Bd3 0-1

[Event "Challenge"]
[Site "http://www.queenalice.com/game.php?id=1066145"]
[Date "2012.5.30"]
[Round "-"]
[White "Wehrwd"]
[Black "mickke"]
[Result "0-1"]
[WhiteElo "1698"]
[BlackElo "1365"]

1. d4 d5 2. c4 e6 3. Nc3 Nf6 4. Nf3 Nc6 5. Bf4 Bb4 6. g3 O-O 7. Bg2 Ne4 8. O-O
Bxc3 9. bxc3 Nxc3 10. Qc2 Ne4 11. cxd5 exd5 12. e3 Bf5 13. Qb3 Na5 14. Qb5 c6
15. Qb4 h6 16. Nh4 Be6 17. Bxe4 dxe4 18. Bd6 Re8 19. Rfd1 b6 20. Rac1 Bxa2 21.
Nf5 Bd5 22. Ne7+ Kh8 23. Nxd5 cxd5 24. Bc7 Qd7 25. Rc2 Nc6 26. Qd6 Qxd6 27. Bxd6
Na5 28. Rc7 Nc4 29. Bb4 a5 30. Bc3 f6 31. Rf1 b5 32. f3 exf3 33. Rxf3 b4 34. Be1
Rxe3 35. Rxe3 Nxe3 36. Bf2 Nc4 37. Rd7 Nb6 38. Rd6 Rb8 39. g4 b3 40. Re6 b2 41.
Re1 a4 42. Bg3 Ra8 43. Bc7 Nc4 44. Kf2 a3 0-1

[Event "Challenge"]
[Site "http://www.queenalice.com/game.php?id=1071576"]
[Date "2012.6.13"]
[Round "-"]
[White "tomno814"]
[Black "Wehrwd"]
[Result "1-0"]
[WhiteElo "1978"]
[BlackElo "1698"]

1. e4 e5 2. f4 exf4 3. Nf3 Be7 4. Bc4 Nf6 5. e5 Ng4 6. O-O Nc6 7. d4 d5 8. exd6
Bxd6 9. Qe1+ Qe7 10. Qxe7+ Nxe7 11. Ng5 O-O 12. Bxf4 Bf5 13. c3 Bxf4 14. Rxf4 h6
15. Ne4 g5 16. Rxg4 Bxg4 17. Nf6+ Kg7 18. Nxg4 Nf5 19. Nd2 h5 20. Ne5 Ne3 21.
Bd3 f6 22. Nd7 Rfd8 23. Nc5 Rd6 24. Re1 Nd5 25. Nc4 Rdd8 26. Ne6+ Kf7 27. Nxd8+
Rxd8 28. Ne3 Re8 29. Nc2 Rxe1+ 30. Nxe1 b6 31. g3 c6 32. Nc2 a5 33. Bc4 b5 34.
Bxd5+ cxd5 35. Ne3 Ke6 36. Kf2 f5 37. Kf3 a4 38. h4 gxh4 39. gxh4 1-0

[Event "Challenge"]
[Site "http://www.queenalice.com/game.php?id=1072317"]
[Date "2012.6.15"]
[Round "-"]
[White "soonersam"]
[Black "Wehrwd"]
[Result "1-0"]
[WhiteElo "1169"]
[BlackElo "1629"]

1. e4 e5 2. Nf3 Nc6 3. Bc4 Nf6 4. O-O Bc5 5. Ng5 d5 6. exd5 Nxd5 7. Qh5 g6 8.
Qh6 Be6 9. Nxh7 Bf8 10. Qxf8+ Rxf8 11. Nxf8 Kxf8 12. d3 Ndb4 13. Bb5 Nxc2 14.
Bh6+ Kg8 15. Bxc6 bxc6 16. Nc3 Nxa1 17. Rxa1 Qxd3 18. g3 e4 19. h3 Rd8 20. h4
Kh7 21. Be3 f5 22. Bxa7 Qf3 23. Nd1 f4 24. gxf4 Qxf4 25. Bc5 Qf3 26. Be7 Re8 27.
Bg5 Bg4 28. Bc1 Qxd1+ 29. Kg2 e3 30. fxe3 Rxe3 31. Bxe3 Qxa1 32. Bf4 Qxb2+ 33.
Kg3 Qxa2 34. Kxg4 Qa4 35. Kg5 c5 36. Bxc7 c4 37. Be5 Qa5 38. Kf6 c3 39. Bf4 c2
40. Kf7 c1=Q 41. Bxc1 Qc7+ 42. Ke8 Qxc1 43. Kf7 g5 44. hxg5 Qxg5 45. Ke6 Kg6 46.
Kd6 Kf6 47. Kd7 Qe5 48. Kc6 Ke6 49. Kb6 Kd6 50. Kb7 Qc5 51. Ka6 Kd7 52. Kb7 1-0

[Event "AUTO-INT-2293"]
[Site "http://www.queenalice.com/game.php?id=1079911"]
[Date "2012.7.6"]
[Round "2"]
[White "vivafischer"]
[Black "Wehrwd"]
[Result "0-1"]
[WhiteElo "2062"]
[BlackElo "1712"]

1. e4 e5 2. Nf3 Nc6 3. Bb5 a6 4. Ba4 b5 5. Bb3 Nf6 6. O-O Bc5 7. d3 d6 8. Nbd2
O-O 9. c3 Be6 10. Bc2 d5 11. Qe2 d4 12. Rd1 Qe7 13. Nf1 Rfd8 14. Ng3 b4 15. c4
a5 16. Ba4 Ra6 17. h3 h6 18. Bxc6 Rxc6 19. Nxe5 Rb6 0-1

[Event "AUTO-INT-2293"]
[Site "http://www.queenalice.com/game.php?id=1079912"]
[Date "2012.7.6"]
[Round "2"]
[White "Wehrwd"]
[Black "vivafischer"]
[Result "1-0"]
[WhiteElo "1682"]
[BlackElo "2092"]

1. d4 Nf6 2. Nc3 e6 3. e4 d5 4. Bg5 Bb4 5. e5 h6 6. Be3 Ne4 7. Bd3 Nxc3 8. Qg4
Ne4+ 9. c3 Bf8 10. Bxe4 dxe4 11. Qxe4 Qd5 12. Qxd5 exd5 13. Nf3 Be7 14. O-O O-O
15. Rfe1 Bg4 16. Nd2 Na6 17. f3 Be6 18. g3 1-0

[Event "AUTO-INT-2293"]
[Site "http://www.queenalice.com/game.php?id=1079915"]
[Date "2012.7.6"]
[Round "2"]
[White "Wehrwd"]
[Black "GuilhermeCXI"]
[Result "0-1"]
[WhiteElo "1723"]
[BlackElo "1690"]

1. d4 d5 2. Nc3 Nf6 3. Nf3 Nc6 4. Bf4 Bf5 5. a3 a6 6. e3 e6 7. Bd3 Ne4 8. Nxe4
dxe4 9. Bxe4 Bxe4 10. O-O Qd5 11. c3 Bxf3 12. Qxf3 Qxf3 13. gxf3 Bd6 14. Bxd6
cxd6 15. f4 e5 16. fxe5 dxe5 17. d5 Ne7 18. e4 O-O 19. d6 Nc8 20. Rfd1 Rd8 21.
d7 Nb6 22. Rd2 Rxd7 23. Rxd7 Nxd7 24. b4 Nb6 25. f3 Rc8 26. Rc1 Na4 27. c4 b5
28. c5 a5 29. bxa5 Rxc5 30. Rxc5 Nxc5 0-1

[Event "AUTO-INT-2293"]
[Site "http://www.queenalice.com/game.php?id=1079916"]
[Date "2012.7.6"]
[Round "2"]
[White "GuilhermeCXI"]
[Black "Wehrwd"]
[Result "1-0"]
[WhiteElo "1701"]
[BlackElo "1698"]

1. e4 e5 2. Nf3 Nf6 3. Nxe5 Nxe4 4. Qe2 d5 5. d3 f6 6. dxe4 fxe5 7. exd5 Nd7 8.
f4 Bd6 9. fxe5 Bxe5 10. Bf4 Qf6 11. Bxe5 Qxe5 12. Nc3 O-O 13. Qxe5 Nxe5 14.
O-O-O Bg4 15. Re1 Rfe8 16. Bb5 c6 17. dxc6 bxc6 18. Ba4 Re6 19. h3 Bh5 20. g4
Be8 21. Rhf1 c5 22. Bb3 c4 23. Bxc4 1-0

[Event "Challenge"]
[Site "http://www.queenalice.com/game.php?id=1093113"]
[Date "2012.8.14"]
[Round "-"]
[White "tomno814"]
[Black "Wehrwd"]
[Result "1-0"]
[WhiteElo "1816"]
[BlackElo "1671"]

1. e4 e5 2. f4 exf4 3. Nf3 Be7 4. Bc4 Nf6 5. Nc3 Nxe4 6. Bxf7+ Kxf7 7. Nxe4 Rf8
8. O-O Kg8 9. d4 d5 10. Nc3 Nc6 11. Ne2 Bf6 12. c3 Bg4 13. Nxf4 Re8 14. Qb3 Bxf3
15. Rxf3 Re1+ 16. Rf1 Rxf1+ 17. Kxf1 Bg5 18. Qxd5+ Qxd5 19. Nxd5 Bxc1 20. Rxc1
Rf8+ 21. Ke2 Rf7 22. Rf1 Rxf1 23. Kxf1 Na5 24. Nxc7 Nc4 25. b3 Nd2+ 26. Ke2 Ne4
27. Kd3 Nf2+ 28. Kc4 Ng4 29. h3 Ne3+ 30. Kc5 b6+ 31. Kc6 Nxg2 32. d5 Nf4 33. Kb7
Nxh3 34. d6 1-0

[Event "Challenge"]
[Site "http://www.queenalice.com/game.php?id=1093621"]
[Date "2012.8.16"]
[Round "-"]
[White "mickke"]
[Black "Wehrwd"]
[Result "1-0"]
[WhiteElo "1963"]
[BlackElo "1599"]

1. e4 e5 2. Bc4 Nf6 3. Nc3 Bc5 4. Nf3 Nc6 5. d3 d6 6. Bg5 O-O 7. Nd5 Be6 8.
Nxf6+ gxf6 9. Bh6 Re8 10. Nd2 f5 11. Qf3 Qf6 12. Qh5 Bxc4 13. dxc4 f4 14. O-O-O
Qg6 15. Qh4 Re6 16. Qg5 Qxg5 17. Bxg5 Bxf2 18. Rdf1 Be3 19. g3 Rg6 20. gxf4 Re8
21. h4 f6 22. f5 Bxd2+ 23. Kxd2 Rg7 24. Bxf6 Rg4 25. Rhg1 h5 26. Rxg4+ hxg4 27.
c3 Kf7 28. Bg5 a6 29. Rg1 b5 30. cxb5 axb5 31. Rxg4 b4 32. h5 bxc3+ 33. Kxc3 Ra8
34. a3 Nd4 35. Be3 c5 36. h6 1-0

[Event "AUTO-INT-2307"]
[Site "http://www.queenalice.com/game.php?id=1094709"]
[Date "2012.8.19"]
[Round "2"]
[White "Danado"]
[Black "Wehrwd"]
[Result "0-1"]
[WhiteElo "1640"]
[BlackElo "1706"]

1. e4 e5 2. Nf3 Nc6 3. d4 exd4 4. Nxd4 Bc5 5. Nxc6 bxc6 6. Bc4 Qf6 7. Qe2 d6 8.
Be3 Bxe3 9. Qxe3 Qxb2 10. Qc3 Qc1+ 0-1

[Event "AUTO-INT-2307"]
[Site "http://www.queenalice.com/game.php?id=1094710"]
[Date "2012.8.19"]
[Round "2"]
[White "Wehrwd"]
[Black "Danado"]
[Result "0-1"]
[WhiteElo "1627"]
[BlackElo "1541"]

1. d4 d5 2. Nc3 h6 3. Nf3 a6 4. e4 dxe4 5. Nxe4 Bg4 6. Be2 Bxf3 7. Bxf3 Nc6 8.
Be3 e5 9. d5 Nce7 10. O-O Nxd5 11. Re1 Nxe3 12. Rxe3 Qxd1+ 13. Rxd1 Be7 14. Nc3
c6 15. Rxe5 Nf6 16. Rde1 Ng8 17. Ne4 O-O-O 18. Ng3 Nf6 19. Nf5 Bb4 20. c3 Ba5
21. b4 Bc7 22. Re7 Bf4 23. Rxf7 Bd2 24. Ree7 Bxc3 25. Rc7+ Kb8 26. Rxb7+ Ka8 27.
Rxg7 Rd7 28. Rgxd7 Nxd7 29. Rxd7 Bxb4 0-1

[Event "AUTO-INT-2307"]
[Site "http://www.queenalice.com/game.php?id=1094713"]
[Date "2012.8.19"]
[Round "2"]
[White "lordmago"]
[Black "Wehrwd"]
[Result "1-0"]
[WhiteElo "1611"]
[BlackElo "1709"]

1. d4 d5 2. Nc3 Nf6 3. Bg5 h6 4. Bxf6 gxf6 5. e3 e6 6. Nf3 Nc6 7. Bb5 Bd7 8.
Bxc6 Bxc6 9. O-O Qd7 10. a3 O-O-O 11. e4 dxe4 12. Nd2 Qxd4 13. Nb3 Qxd1 14.
Rfxd1 Rxd1+ 15. Rxd1 Bg7 16. Nc5 f5 17. b4 Bxc3 18. h3 b6 19. Nb3 Rd8 20. Rxd8+
Kxd8 21. Nc1 1-0

[Event "AUTO-INT-2307"]
[Site "http://www.queenalice.com/game.php?id=1094714"]
[Date "2012.8.19"]
[Round "2"]
[White "Wehrwd"]
[Black "lordmago"]
[Result "0-1"]
[WhiteElo "1689"]
[BlackElo "1631"]

1. d4 d5 2. c4 c6 3. Nf3 Bg4 4. Nc3 Bxf3 5. gxf3 e6 6. Bf4 Bb4 7. Qb3 Bxc3+ 8.
Qxc3 Qf6 9. e3 Ne7 10. O-O-O Qh4 11. Bg3 Qf6 12. Be2 Nf5 13. Bxb8 Rxb8 14. cxd5
exd5 15. Qc5 Qe6 16. Qxa7 O-O 17. Bd3 Qf6 18. e4 dxe4 19. Bxe4 Ra8 20. Qxb7 Rab8
0-1

[Event "AUTO-INT-2307"]
[Site "http://www.queenalice.com/game.php?id=1094717"]
[Date "2012.8.19"]
[Round "2"]
[White "Wehrwd"]
[Black "amattar"]
[Result "0-1"]
[WhiteElo "1661"]
[BlackElo "1839"]

1. d4 g6 2. e4 Bg7 3. Nc3 d6 4. Nf3 c5 5. dxc5 Bxc3+ 6. bxc3 dxc5 7. Qxd8+ Kxd8
8. Bb5 f6 9. O-O a6 10. Bc4 Nc6 11. Rd1+ Kc7 12. Be3 b6 13. Bxg8 Rxg8 14. Bf4+
e5 15. Bg3 Bg4 16. Rd2 Rad8 17. Rad1 Bxf3 18. gxf3 Rg7 19. f4 Rgd7 20. Rxd7+
Rxd7 21. Rxd7+ Kxd7 22. Bh4 Ke6 23. fxe5 Nxe5 24. Kg2 Nc4 25. f4 Na3 0-1

[Event "AUTO-INT-2307"]
[Site "http://www.queenalice.com/game.php?id=1094718"]
[Date "2012.8.19"]
[Round "2"]
[White "amattar"]
[Black "Wehrwd"]
[Result "1-0"]
[WhiteElo "1866"]
[BlackElo "1719"]

1. d4 d5 2. c4 c6 3. Nc3 Nf6 4. Nf3 e6 5. Bg5 Bb4 6. a3 Bxc3+ 7. bxc3 O-O 8. c5
Re8 9. Ne5 Nbd7 10. e3 h6 11. h4 hxg5 12. hxg5 Ne4 13. Qh5 Kf8 14. Qxf7# 1-0